[Event "Barnaul Kura Memorial"]
[Site "Barnaul"]
[Date "2023.02.25"]
[Round "6"]
[White "Diveeva, Daryia"]
[Black "Razgovorov, Yurii"]
[Result "0-1"]
[WhiteElo "1608"]
[BlackElo "2081"]
[PlyCount "105"]
[EventDate "2023.02.25"]
[EventType "swiss (rapid)"]
[EventRounds "11"]
[EventCountry "RUS"]
[SourceTitle "CBM 213 Extra"]
[Source "ChessBase"]
[SourceDate "2023.05.31"]
[SourceVersion "1"]
[SourceVersionDate "2023.05.31"]
[SourceQuality "1"]

1. e4 e6 2. d4 d5 3. exd5 exd5 4. Nf3 Bd6 5. c4 c6 6. Nc3 Ne7 7. c5 Bc7 8. Bd3 0-0 9. 0-0 Bf5 10. Bg5 f6 11. Bh4 Qd7 12. Bg3 Bxg3 13. fxg3 Na6 14. a3 Nc7 15. Nh4 Bxd3 16. Qxd3 Rae8 17. Rae1 g5 18. Nf3 Qf5 19. Ne5 Qxd3 20. Nxd3 Ng6 21. b4 Rxe1 22. Rxe1 Kf7 23. a4 Ne6 24. Ne2 Ne7 25. g4 Rh8 26. b5 h5 27. gxh5 Rxh5 28. bxc6 bxc6 29. Rb1 Rh4 30. Rb7 Nxd4 31. Nxd4 Rxd4 32. Nb4 Rd1+ 33. Kf2 Ke6 34. Rc7 Rd2+ 35. Kf3 g4+ 36. Ke3 Rxg2 37. Nxc6 Nxc6 38. Rxc6+ Ke5 39. Rc7 d4+ 40. Kd3 Rxh2 41. Rxa7 Kd5 42. Rg7 Rh3+ 43. Kd2 f5 44. Rg5 Rf3 45. a5 Kxc5 46. a6 Kb6 47. Rg6+ Ka7 48. Ke2 d3+ 49. Kd2 g3 50. Ke1 f4 51. Kd2 Rf2+ 52. Kxd3 g2 53. Kd4 0-1

[Event "Barnaul Altay-ch"]
[Site "Barnaul"]
[Date "2015.01.08"]
[Round "6"]
[White "Razgovorov, Yurii"]
[Black "Saley, Alexander"]
[Result "1-0"]
[WhiteElo "2098"]
[BlackElo "2079"]
[PlyCount "69"]
[EventDate "2015.01.03"]
[EventType "swiss"]
[EventRounds "9"]
[EventCountry "RUS"]
[SourceTitle "CBM 164 Extra"]
[Source "ChessBase"]
[SourceDate "2015.03.02"]
[SourceVersion "1"]
[SourceVersionDate "2015.03.02"]
[SourceQuality "1"]

1. e4 Nf6 2. e5 Nd5 3. c4 Nb6 4. c5 Nd5 5. Bc4 e6 6. Nc3 Nxc3 7. dxc3 Nc6 8. Bf4 Bxc5 9. Qg4 g5 10. Bxg5 Nxe5 11. Qh5 Be7 12. Bxe7 Qxe7 13. Qxe5 Rg8 14. Qxc7 Rxg2 15. Nf3 d6 16. Qxe7+ Kxe7 17. Rg1 Rg6 18. Ke2 Bd7 19. Bd3 f5 20. Nh4 Rgg8 21. Rg3 Kf6 22. Rag1 Rxg3 23. hxg3 Bc6 24. Ke3 Rg8 25. Be2 e5 26. Rd1 d5 27. b4 a6 28. a4 Rd8 29. b5 axb5 30. Bxb5 Bxb5 31. axb5 Ke6 32. Nf3 h6 33. Rh1 Rh8 34. Rh5 Kf6 35. Nh4 1-0

[Event "Barnaul Altay-ch"]
[Site "Barnaul"]
[Date "2015.01.04"]
[Round "2"]
[White "Unzhakova, Irina"]
[Black "Razgovorov, Yurii"]
[Result "0-1"]
[WhiteElo "1692"]
[BlackElo "2098"]
[PlyCount "50"]
[EventDate "2015.01.03"]
[EventType "swiss"]
[EventRounds "9"]
[EventCountry "RUS"]
[SourceTitle "CBM 164 Extra"]
[Source "ChessBase"]
[SourceDate "2015.03.02"]
[SourceVersion "1"]
[SourceVersionDate "2015.03.02"]
[SourceQuality "1"]

1. e4 e5 2. Nf3 Nc6 3. Bc4 Nf6 4. 0-0 Nxe4 5. Re1 d5 6. Bb5 Bc5 7. d4 exd4 8. Nxd4 0-0 9. c3 Nxd4 10. cxd4 Bb4 11. Nd2 Nxd2 12. Bxd2 Bxd2 13. Qxd2 Bf5 14. Re3 c6 15. Bd3 Bxd3 16. Qxd3 Qd7 17. Rh3 g6 18. Re1 Rae8 19. Kf1 Rxe1+ 20. Kxe1 Re8+ 21. Kd2 Qg4 22. Rg3 Qf4+ 23. Kc3 Qxf2 24. a4 Re2 25. b3 Qe1+ 0-1

[Event "Barnaul Altay-ch"]
[Site "Barnaul"]
[Date "2014.10.15"]
[Round "5"]
[White "Razgovorov, Yurii"]
[Black "Sutorikhin, Jevgenij"]
[Result "1-0"]
[WhiteElo "2104"]
[BlackElo "2254"]
[PlyCount "60"]
[EventDate "2014.10.11"]
[EventType "swiss"]
[EventRounds "9"]
[EventCountry "RUS"]
[SourceTitle "EXT 2015"]
[Source "ChessBase"]
[SourceDate "2014.11.20"]
[SourceVersion "1"]
[SourceVersionDate "2014.11.20"]
[SourceQuality "1"]

1. e4 d6 2. d4 Nf6 3. Nc3 e5 4. dxe5 dxe5 5. Qxd8+ Kxd8 6. Nf3 Bd6 7. Bg5 Be6 8. 0-0-0 Nbd7 9. Bb5 Kc8 10. Bh4 h6 11. Bg3 a6 12. Bxd7+ Nxd7 13. Nd5 Bxd5 14. exd5 f5 15. h4 g6 16. Rhe1 e4 17. Bxd6 cxd6 18. Nd4 Nf6 19. f3 Kd7 20. h5 Nxh5 21. fxe4 fxe4 22. Rxe4 Rae8 23. Rh4 Nf6 24. c4 g5 25. Rh3 Ne4 26. Rf1 g4 27. Rf7+ Re7 28. Rxe7+ Kxe7 29. Re3 Kf6 30. Rxe4 h5 1-0

[Event "Barnaul Altay-ch"]
[Site "Barnaul"]
[Date "2014.10.12"]
[Round "2"]
[White "Kardashevskiy, Evgeny"]
[Black "Razgovorov, Yurii"]
[Result "1-0"]
[WhiteElo "2164"]
[BlackElo "2104"]
[PlyCount "105"]
[EventDate "2014.10.11"]
[EventType "swiss"]
[EventRounds "9"]
[EventCountry "RUS"]
[SourceTitle "EXT 2015"]
[Source "ChessBase"]
[SourceDate "2014.11.20"]
[SourceVersion "1"]
[SourceVersionDate "2014.11.20"]
[SourceQuality "1"]

1. d4 Nf6 2. Nf3 g6 3. c4 Bg7 4. Nc3 d6 5. e4 0-0 6. Be2 c6 7. 0-0 e5 8. Re1 Nbd7 9. Rb1 exd4 10. Nxd4 Nc5 11. f3 a5 12. Be3 Qe7 13. Qd2 Re8 14. Bf1 Nfd7 15. Rbd1 Ne5 16. Nc2 Bf8 17. Bg5 f6 18. Bh4 Be6 19. Ne3 Qf7 20. Qd4 g5 21. Bg3 Rad8 22. Nf5 d5 23. cxd5 cxd5 24. Bb5 Ncd7 25. Kh1 dxe4 26. fxe4 Nc6 27. Qf2 Nde5 28. Bxe5 fxe5 29. g4 Rxd1 30. Rxd1 Rd8 31. Rxd8 Nxd8 32. Qb6 Nc6 33. Bxc6 bxc6 34. Qxc6 Bxa2 35. Nd5 Bb1 36. Nc3 Bd3 37. Qc8 Qc4 38. Nh6+ Kg7 39. Qf5 Be7 40. Qxe5+ Bf6 41. Nf5+ Kg6 42. Qe8+ Qf7 43. Qc6 Qc4 44. Qe8+ Qf7 45. Qa8 Qe6 46. Ng3 Bd4 47. Qd8 Qf6 48. Qg8+ Qg7 49. Qc8 Qe5 50. Qg8+ Qg7 51. Qa8 Bxc3 52. bxc3 Qxc3 53. Qe8+ 1-0

[Event "Barnaul Lepikhin Memorial"]
[Site "Barnaul"]
[Date "2014.07.29"]
[Round "9"]
[White "Razgovorov, Yurii"]
[Black "Piskunov, Alexandr"]
[Result "0-1"]
[WhiteElo "2106"]
[BlackElo "2298"]
[PlyCount "72"]
[EventDate "2014.07.21"]
[EventType "swiss"]
[EventRounds "9"]
[EventCountry "RUS"]
[SourceTitle "CBM 161 Extra"]
[Source "ChessBase"]
[SourceDate "2014.08.29"]
[SourceVersion "1"]
[SourceVersionDate "2014.08.29"]
[SourceQuality "1"]

1. e4 g6 2. d4 Bg7 3. Nc3 d6 4. Be3 a6 5. Qd2 b5 6. a3 Nd7 7. f4 Bb7 8. Be2 c5 9. Bf3 Qc7 10. Nge2 cxd4 11. Bxd4 e5 12. Be3 Nb6 13. b3 exf4 14. Bd4 Nf6 15. Qxf4 Nbd7 16. 0-0-0 Ne5 17. h4 h5 18. Kb2 Rc8 19. Qd2 0-0 20. Be3 d5 21. Nd4 Nxf3 22. gxf3 dxe4 23. fxe4 Nxe4 24. Nxe4 Bxe4 25. Rh2 Qg3 26. c3 Rxc3 27. Kxc3 Rc8+ 28. Kb2 Rc2+ 29. Qxc2 Bxc2 30. Rxc2 Qxe3 31. Rcd2 Qf4 32. Kc3 Qxh4 33. Kb4 Qe7+ 34. Ka5 Qxa3+ 35. Kb6 h4 36. Nf3 Bf6 0-1

[Event "Barnaul Lepikhin Memorial"]
[Site "Barnaul"]
[Date "2014.07.27"]
[Round "7"]
[White "Degtyaryova, Kristina"]
[Black "Razgovorov, Yurii"]
[Result "0-1"]
[WhiteElo "1714"]
[BlackElo "2106"]
[PlyCount "46"]
[EventDate "2014.07.21"]
[EventType "swiss"]
[EventRounds "9"]
[EventCountry "RUS"]
[SourceTitle "CBM 161 Extra"]
[Source "ChessBase"]
[SourceDate "2014.08.29"]
[SourceVersion "1"]
[SourceVersionDate "2014.08.29"]
[SourceQuality "1"]

1. e4 e5 2. Nf3 Nc6 3. d4 exd4 4. Bc4 Nf6 5. e5 d5 6. exd6 Bxd6 7. 0-0 0-0 8. Bg5 h6 9. Bh4 Bg4 10. Nbd2 Ne5 11. Be2 Ng6 12. Bxf6 gxf6 13. Nxd4 Bxe2 14. Nxe2 f5 15. Ng3 Qf6 16. c3 Rad8 17. Qc2 Nh4 18. Nc4 f4 19. Nxd6 cxd6 20. Ne2 f3 21. Ng3 fxg2 22. Rfd1 Rfe8 23. Rd5 Re1+ 0-1